[Event "Asia-ch Universities (Women)"]
[Site "Chess.com INT"]
[Date "2020.12.15"]
[Round "1"]
[White "Koggala, WSTD"]
[Black "Divya, Lakshmi R"]
[Result "1/2-1/2"]
[WhiteElo "1480"]
[BlackElo "1810"]
[PlyCount "80"]
[EventDate "2020.12.15"]
[EventType "swiss"]
[EventRounds "9"]
[EventCountry "IRI"]
[SourceTitle "EXT 2022"]
[Source "ChessBase"]
[SourceDate "2021.10.06"]
[SourceVersion "1"]
[SourceVersionDate "2021.10.06"]
[SourceQuality "1"]

1. d4 Nf6 2. Bf4 e6 3. e3 d5 4. c3 Be7 5. Nf3 0-0 6. Nbd2 c5 7. Bd3 Nc6 8. h4 b6 9. Ne5 Bb7 10. h5 h6 11. g4 Nxe5 12. dxe5 Ne4 13. Rg1 Bh4 14. Nxe4 dxe4 15. Bc2 Qxd1+ 16. Rxd1 Rad8 17. Bg3 Bg5 18. Bf4 Rxd1+ 19. Kxd1 Rd8+ 20. Kc1 Bh4 21. Bg3 Bxg3 22. Rxg3 Kf8 23. g5 hxg5 24. Rxg5 Bd5 25. a3 f6 26. exf6 gxf6 27. Rg6 Kf7 28. Rg4 Rh8 29. Bxe4 Bxe4 30. Rxe4 Rxh5 31. Kd2 f5 32. Rf4 Kf6 33. Rf3 Rh1 34. Kc2 Rf1 35. e4 a5 36. exf5 exf5 37. Kd3 Rb1 38. Kc2 Rf1 39. Kd3 Rb1 40. Kc2 Rf1 1/2-1/2

[Event "Commonwealth-ch U20 Girls"]
[Site "New Delhi"]
[Date "2018.07.03"]
[Round "7"]
[White "Chitlange, Sakshi"]
[Black "Divya, Lakshmi R"]
[Result "1/2-1/2"]
[WhiteElo "2162"]
[BlackElo "1934"]
[PlyCount "123"]
[EventDate "2018.06.26"]
[EventType "swiss"]
[EventRounds "7"]
[EventCountry "IND"]
[SourceTitle "EXT 2019"]
[Source "ChessBase"]
[SourceDate "2018.10.10"]
[SourceVersion "1"]
[SourceVersionDate "2018.10.10"]
[SourceQuality "1"]

1. d4 Nf6 2. c4 e6 3. Nf3 d5 4. Nc3 a6 5. cxd5 exd5 6. Bg5 Be6 7. e3 Bd6 8. Bd3 h6 9. Bh4 0-0 10. Ne5 c5 11. 0-0 Nc6 12. Nxc6 bxc6 13. dxc5 Bxc5 14. Ne2 Be7 15. Nd4 Bd7 16. Qc2 Qb6 17. Rac1 c5 18. Nf5 Bxf5 19. Bxf5 Rfd8 20. Rfd1 c4 21. Qe2 Rab8 22. Bg3 Bd6 23. Bxd6 Rxd6 24. Rd2 Rdd8 25. Rcd1 Qa5 26. Bb1 Re8 27. h3 Rb5 28. Bc2 g6 29. b3 cxb3 30. axb3 Reb8 31. Qf3 Kg7 32. Qf4 Rc8 33. Qe5 Rbc5 34. Qb2 Qb6 35. e4 Kh7 36. exd5 Qd6 37. Bb1 Rd8 38. Qa3 Qb6 39. Qb2 Rcxd5 40. Rxd5 Rxd5 41. Rxd5 Nxd5 42. Be4 Nf4 43. Qd2 Qf6 44. Qe3 Qa1+ 45. Kh2 Qf6 46. g3 Ne6 47. Bd5 Nc7 48. Bc4 Kg7 49. Kg2 Qc6+ 50. Qf3 Qxf3+ 51. Kxf3 f5 52. Ke3 Kf6 53. Kd4 Ne6+ 54. Bxe6 Kxe6 55. f4 Kd6 56. b4 Kc6 57. Kc4 g5 58. h4 g4 59. h5 Kb6 60. Kc3 Kb5 61. Kb3 Kc6 62. Kc4 1/2-1/2

[Event "Commonwealth-ch U20 Girls"]
[Site "New Delhi"]
[Date "2018.06.27"]
[Round "2"]
[White "Mahalakshmi, Muganda Kumar"]
[Black "Divya, Lakshmi R"]
[Result "1-0"]
[WhiteElo "2238"]
[BlackElo "1934"]
[PlyCount "95"]
[EventDate "2018.06.26"]
[EventType "swiss"]
[EventRounds "7"]
[EventCountry "IND"]
[SourceTitle "EXT 2019"]
[Source "ChessBase"]
[SourceDate "2018.10.10"]
[SourceVersion "1"]
[SourceVersionDate "2018.10.10"]
[SourceQuality "1"]

1. d4 Nf6 2. Nf3 e6 3. Bg5 d5 4. e3 Nbd7 5. Nbd2 Be7 6. Bd3 b6 7. 0-0 Bb7 8. c4 dxc4 9. Bxc4 Ne4 10. Nxe4 Bxe4 11. Bxe7 Qxe7 12. Rc1 0-0 13. Bb5 Qd6 14. Qa4 Nf6 15. Bc6 b5 16. Bxb5 Ng4 17. Qa3 Rab8 18. Qxd6 cxd6 19. a4 Rb6 20. Nd2 Bd5 21. e4 Ba8 22. Nc4 Rbb8 23. Nxd6 Nf6 24. Rc7 a6 25. Bxa6 Rxb2 26. Bd3 Rd2 27. Rc3 Ra2 28. Bc2 g6 29. f3 Rb8 30. Nb5 Bb7 31. Rb1 Ba6 32. Rc6 Bb7 33. Rc5 Ba6 34. Bb3 Rd2 35. Rc2 Rd3 36. Ba2 Bxb5 37. axb5 Rxd4 38. b6 Kg7 39. Rc7 Ne8 40. Ra7 Kf6 41. e5+ Kxe5 42. Rxf7 Kd6 43. Rxh7 Ra4 44. Rd1+ Kc5 45. Bxe6 Rxb6 46. Re7 Nd6 47. Rc7+ Rc6 48. Rc1+ 1-0

[Event "Commonwealth-ch"]
[Site "New Delhi"]
[Date "2018.06.26"]
[Round "1"]
[White "Divya, Lakshmi R"]
[Black "Deepan Chakkravarthy, J."]
[Result "0-1"]
[WhiteElo "1935"]
[BlackElo "2531"]
[PlyCount "82"]
[EventDate "2018.06.26"]
[EventType "swiss"]
[EventRounds "9"]
[EventCountry "IND"]
[SourceTitle "CBM 185 Extra"]
[Source "ChessBase"]
[SourceDate "2018.07.29"]
[SourceVersion "1"]
[SourceVersionDate "2018.07.29"]
[SourceQuality "1"]

1. e4 c5 2. Nf3 e6 3. d4 cxd4 4. Nxd4 Nc6 5. Nc3 Qc7 6. Be2 a6 7. Be3 Nf6 8. 0-0 d6 9. Kh1 Be7 10. f4 0-0 11. Qe1 Re8 12. Qg3 Rb8 13. Rae1 Bf8 14. Nxc6 bxc6 15. Bd4 Nd7 16. Nd1 c5 17. Bc3 d5 18. exd5 exd5 19. b3 d4 20. Bd2 Nf6 21. Bd3 Bb7 22. Nf2 h5 23. Rxe8 Rxe8 24. Re1 Rxe1+ 25. Bxe1 Bd5 26. Bxa6 h4 27. Qg5 c4 28. bxc4 Bxc4 29. Qa5 Qxa5 30. Bxa5 Bxa6 31. Bb6 Nd5 32. Bxd4 Nxf4 33. Be5 Nd5 34. c3 Ba3 35. Ne4 Bb7 36. Kg1 f6 37. Bd4 Nf4 38. Nd2 Ne2+ 39. Kf2 Nxd4 40. cxd4 Bd5 41. Nb1 Bb2 0-1

[Event "IND-ch U19 Girls"]
[Site "Kankarbagh"]
[Date "2017.09.04"]
[Round "2"]
[White "Divya, Lakshmi R"]
[Black "Varsha, CR."]
[Result "1-0"]
[WhiteElo "1994"]
[BlackElo "1656"]
[PlyCount "129"]
[EventDate "2017.09.03"]
[EventType "swiss"]
[EventRounds "11"]
[EventCountry "IND"]
[SourceTitle "CBM 180 Extra"]
[Source "ChessBase"]
[SourceDate "2017.10.06"]
[SourceVersion "1"]
[SourceVersionDate "2017.10.06"]
[SourceQuality "1"]

1. e4 c5 2. Nf3 d6 3. d4 cxd4 4. Nxd4 Nf6 5. Nc3 a6 6. Be3 e5 7. Nb3 Be6 8. f3 Be7 9. Qd2 Nbd7 10. g4 h6 11. h4 b5 12. 0-0-0 Nb6 13. Qf2 Nfd7 14. Kb1 Nc4 15. Bc1 0-0 16. Nd5 Bxd5 17. exd5 Ndb6 18. Bd3 Na4 19. Qe1 Qe8 20. Qe4 f5 21. gxf5 Bf6 22. Rdg1 Kh7 23. Rg6 Nab6 24. Rhg1 Rg8 25. Na1 Qf7 26. Bxc4 Nxc4 27. c3 Nb6 28. Rd1 Nd7 29. Nc2 Nf8 30. Rdg1 Rc8 31. Qe3 Kh8 32. R6g2 Qxd5 33. Rd2 Qc5 34. h5 Qxe3 35. Nxe3 Rc6 36. Nd5 Nh7 37. Rgd1 Rd8 38. Rd3 Ng5 39. Nb4 Rb6 40. Be3 Rb7 41. Bxg5 Bxg5 42. Rxd6 Rxd6 43. Rxd6 Be7 44. Re6 Bxb4 45. Re8+ Kh7 46. cxb4 Rb6 47. Rxe5 Rf6 48. Kc2 Kg8 49. Kd3 Rd6+ 50. Kc3 Kf7 51. b3 Rc6+ 52. Kd4 Kf6 53. f4 Rc2 54. a4 bxa4 55. bxa4 Rf2 56. Re6+ Kxf5 57. Rxa6 Rxf4+ 58. Kc5 Rh4 59. b5 Rxh5 60. b6 Ke6+ 61. Kc6 Rh2 62. b7 Rc2+ 63. Kb6 Kd7 64. Ka7 Rb2 65. Rb6 1-0

[Event "IND-ch Challengers (Women) 44th"]
[Site "Mysore"]
[Date "2017.07.24"]
[Round "6"]
[White "Bhakti, Kulkarni"]
[Black "Divya, Lakshmi R"]
[Result "1-0"]
[WhiteElo "2255"]
[BlackElo "1957"]
[PlyCount "87"]
[EventDate "2017.07.21"]
[EventType "swiss"]
[EventRounds "11"]
[EventCountry "IND"]
[SourceTitle "EXT 2019"]
[Source "ChessBase"]
[SourceDate "2018.10.10"]
[SourceVersion "1"]
[SourceVersionDate "2018.10.10"]
[SourceQuality "1"]

1. d4 Nf6 2. c4 e6 3. Nf3 d5 4. e3 Bb4+ 5. Nbd2 0-0 6. Bd3 b6 7. 0-0 Bb7 8. Qc2 Nbd7 9. b3 Be7 10. Bb2 h6 11. Rad1 c5 12. e4 dxe4 13. Nxe4 cxd4 14. Nxd4 Qc7 15. Qe2 Nxe4 16. Bxe4 Bxe4 17. Qxe4 Nf6 18. Qf3 Rfc8 19. Rd3 Qc5 20. Rfd1 Kf8 21. Qe2 Rd8 22. h3 a5 23. R1d2 Rac8 24. Qd1 Ne4 25. Nxe6+ fxe6 26. Rxd8+ Rxd8 27. Rxd8+ Bxd8 28. Qxd8+ Kf7 29. Bd4 Qf5 30. Qd7+ Kf8 31. Qxg7+ Ke8 32. Qxh6 Nc5 33. Qh8+ Kd7 34. Qg7+ Kc6 35. Qe5 Qb1+ 36. Kh2 Qxa2 37. Bxc5 bxc5 38. Qxe6+ Kb7 39. Qd5+ Kb6 40. Qd6+ Kb7 41. Qd7+ Ka8 42. Qc8+ Ka7 43. Qxc5+ Kb7 44. Qe3 1-0

[Event "IND-ch Challengers (Women) 44th"]
[Site "Mysore"]
[Date "2017.07.23"]
[Round "5"]
[White "Divya, Lakshmi R"]
[Black "Soumya, Swaminathan"]
[Result "0-1"]
[WhiteElo "1957"]
[BlackElo "2349"]
[PlyCount "70"]
[EventDate "2017.07.21"]
[EventType "swiss"]
[EventRounds "11"]
[EventCountry "IND"]
[SourceTitle "EXT 2019"]
[Source "ChessBase"]
[SourceDate "2018.10.10"]
[SourceVersion "1"]
[SourceVersionDate "2018.10.10"]
[SourceQuality "1"]

1. e4 c5 2. Nf3 Nc6 3. d4 cxd4 4. Nxd4 Nf6 5. Nc3 d6 6. Bg5 e6 7. Qd2 a6 8. 0-0-0 Bd7 9. f4 b5 10. Bxf6 gxf6 11. Kb1 Qb6 12. Nxc6 Bxc6 13. Qe1 Ra7 14. Bd3 b4 15. Ne2 Qc5 16. f5 Bh6 17. Qh4 Bg5 18. Qh5 e5 19. h4 Be3 20. Rh3 a5 21. Qf3 Bh6 22. Qh5 Bf8 23. g4 a4 24. g5 Bg7 25. Rg3 Ke7 26. Rdg1 d5 27. Qf3 d4 28. g6 fxg6 29. fxg6 h5 30. Rf1 b3 31. a3 bxc2+ 32. Ka1 Rb7 33. Rc1 Rxb2 34. Kxb2 Rb8+ 35. Ka2 Qb6 0-1

[Event "IND-ch Challengers (Women) 44th"]
[Site "Mysore"]
[Date "2017.07.23"]
[Round "4"]
[White "Swati, Ghate"]
[Black "Divya, Lakshmi R"]
[Result "0-1"]
[WhiteElo "2278"]
[BlackElo "1957"]
[PlyCount "74"]
[EventDate "2017.07.21"]
[EventType "swiss"]
[EventRounds "11"]
[EventCountry "IND"]
[SourceTitle "EXT 2019"]
[Source "ChessBase"]
[SourceDate "2018.10.10"]
[SourceVersion "1"]
[SourceVersionDate "2018.10.10"]
[SourceQuality "1"]

1. e4 c5 2. Nf3 d6 3. d4 cxd4 4. Nxd4 Nf6 5. Nc3 a6 6. g3 Nc6 7. Bg2 Bg4 8. Nxc6 bxc6 9. Qd3 Bd7 10. 0-0 g6 11. Qc4 Bg7 12. e5 d5 13. Qe2 Ng4 14. Bf4 h5 15. Rfe1 Be6 16. Na4 Qa5 17. b3 0-0 18. f3 Nh6 19. Qf2 Bf5 20. h3 Kh7 21. g4 Bc8 22. Nb6 Rb8 23. Nxc8 Rbxc8 24. gxh5 Nf5 25. Bf1 Bh6 26. Bxh6 Kxh6 27. Bd3 e6 28. Kh1 Qb4 29. Bxf5 gxf5 30. Qe3+ f4 31. Qf2 Qc3 32. Rg1 Rg8 33. Rgf1 Rg3 34. Qe1 Rxh3+ 35. Kg2 Rg3+ 36. Kh2 Qxc2+ 37. Rf2 Qf5 0-1

[Event "Wch U20 Girls 34th"]
[Site "Bhubaneswar"]
[Date "2016.08.19"]
[Round "11"]
[White "Divya, Lakshmi R"]
[Black "Mendoza, Shania Mae"]
[Result "0-1"]
[WhiteElo "1864"]
[BlackElo "2191"]
[PlyCount "104"]
[EventDate "2016.08.08"]
[EventType "swiss"]
[EventRounds "13"]
[EventCountry "IND"]
[SourceTitle "CBM 173 Extra"]
[Source "ChessBase"]
[SourceDate "2016.08.29"]
[SourceVersion "1"]
[SourceVersionDate "2016.08.29"]
[SourceQuality "1"]

1. e4 e5 2. Nf3 Nc6 3. Bb5 a6 4. Ba4 Nf6 5. d3 d6 6. c3 g6 7. 0-0 Bg7 8. Re1 0-0 9. Nbd2 Re8 10. Nf1 b5 11. Bc2 h6 12. Ng3 Rb8 13. h3 d5 14. Qe2 Be6 15. a4 d4 16. axb5 axb5 17. Bd2 Nd7 18. Ra6 Nb6 19. cxd4 exd4 20. Nh2 Qd7 21. f4 Rbd8 22. Qf2 f5 23. exf5 gxf5 24. Nf3 b4 25. Nh5 Bf7 26. Nxg7 Kxg7 27. Ne5 Qd6 28. Ba4 Bd5 29. Bxc6 Bxc6 30. Qg3+ Kh7 31. Bxb4 Qf6 32. Re2 Rg8 33. Qe1 Rg7 34. Nxc6 Qxc6 35. Ra5 Rdg8 36. Qf1 Nd5 37. Bd2 Rg3 38. Kh2 Qd6 39. Ra3 R8g7 40. Rf2 Qg6 41. Ra4 c5 42. Rc4 Nf6 43. Rxc5 Ng4+ 44. hxg4 Qxg4 45. Kg1 Rh3 46. Rc7 Rxc7 47. Rf3 Rxf3 48. Qxf3 Qxf3 49. gxf3 Rc2 50. Be1 Rxb2 51. Bf2 Rd2 52. Bxd4 Rxd3 0-1

[Event "Wch U20 Girls 34th"]
[Site "Bhubaneswar"]
[Date "2016.08.17"]
[Round "9"]
[White "Varshini, Veileven"]
[Black "Divya, Lakshmi R"]
[Result "1-0"]
[WhiteElo "2129"]
[BlackElo "1864"]
[PlyCount "69"]
[EventDate "2016.08.08"]
[EventType "swiss"]
[EventRounds "13"]
[EventCountry "IND"]
[SourceTitle "CBM 173 Extra"]
[Source "ChessBase"]
[SourceDate "2016.08.29"]
[SourceVersion "1"]
[SourceVersionDate "2016.08.29"]
[SourceQuality "1"]

1. e4 c5 2. Nc3 d6 3. Nge2 Nf6 4. g3 Nc6 5. Bg2 g6 6. d3 Bg7 7. 0-0 0-0 8. f4 Rb8 9. h3 Nd7 10. g4 b5 11. Ng3 b4 12. Nce2 a5 13. g5 Nb6 14. c3 bxc3 15. bxc3 Bd7 16. Be3 Re8 17. Rb1 Be6 18. f5 Bd7 19. h4 Ne5 20. h5 Ba4 21. Qd2 Ng4 22. Bh3 Nxe3 23. Qxe3 Bd7 24. Kg2 gxf5 25. Bxf5 e6 26. Bh3 Qe7 27. h6 Be5 28. Nh5 d5 29. Nf6+ Bxf6 30. gxf6 Qf8 31. Qg5+ Kh8 32. Ng3 Bc6 33. Rxb6 Rxb6 34. Nh5 Rb2+ 35. Kg1 1-0

[Event "Wch U20 Girls 34th"]
[Site "Bhubaneswar"]
[Date "2016.08.14"]
[Round "7"]
[White "Divya, Lakshmi R"]
[Black "Omurbekova, Diana"]
[Result "1-0"]
[WhiteElo "1864"]
[BlackElo "1886"]
[PlyCount "57"]
[EventDate "2016.08.08"]
[EventType "swiss"]
[EventRounds "13"]
[EventCountry "IND"]
[SourceTitle "CBM 173 Extra"]
[Source "ChessBase"]
[SourceDate "2016.08.29"]
[SourceVersion "1"]
[SourceVersionDate "2016.08.29"]
[SourceQuality "1"]

1. e4 e5 2. Nf3 Nc6 3. Bb5 a6 4. Ba4 Nf6 5. d3 d6 6. c3 Be7 7. h3 h6 8. 0-0 Bd7 9. Nbd2 0-0 10. Re1 Na5 11. Bc2 c5 12. Nf1 b5 13. Ng3 Qc8 14. d4 cxd4 15. cxd4 Nc6 16. d5 Nb4 17. Bb1 a5 18. Nh4 Re8 19. Nhf5 Bf8 20. Bd2 Na6 21. Bxa5 Nc5 22. Bd2 Ncxe4 23. Bxe4 Nxe4 24. Nxh6+ gxh6 25. Nxe4 Qd8 26. Qh5 Qe7 27. Bxh6 Bg7 28. Bxg7 Kxg7 29. Re3 1-0

[Event "Wch U20 Girls 34th"]
[Site "Bhubaneswar"]
[Date "2016.08.10"]
[Round "3"]
[White "Divya, Lakshmi R"]
[Black "Srija, Seshadri"]
[Result "1-0"]
[WhiteElo "1864"]
[BlackElo "2102"]
[PlyCount "93"]
[EventDate "2016.08.08"]
[EventType "swiss"]
[EventRounds "13"]
[EventCountry "IND"]
[SourceTitle "CBM 173 Extra"]
[Source "ChessBase"]
[SourceDate "2016.08.29"]
[SourceVersion "1"]
[SourceVersionDate "2016.08.29"]
[SourceQuality "1"]

1. e4 e5 2. Nf3 Nc6 3. Bb5 a6 4. Ba4 Nge7 5. c3 g6 6. 0-0 Bg7 7. d4 exd4 8. cxd4 b5 9. Bb3 d6 10. h3 0-0 11. Nc3 Na5 12. Bc2 Bb7 13. Re1 c5 14. d5 h6 15. Rb1 Kh7 16. Ne2 Nc4 17. b3 Ne5 18. Nxe5 dxe5 19. Be3 Qd6 20. Rc1 Rac8 21. Bb1 f5 22. f3 f4 23. Bf2 g5 24. Rc3 c4 25. bxc4 Rxc4 26. Rxc4 bxc4 27. Qa4 Rc8 28. Rc1 Qb8 29. a3 Ba8 30. Ba2 Qb5 31. Qxb5 axb5 32. Nc3 Bf8 33. Nxb5 Nxd5 34. exd5 Bxd5 35. Bb1+ Kg7 36. Bf5 Rb8 37. a4 Bb4 38. Nc7 Bf7 39. Na6 Ba3 40. Nxb8 Bxc1 41. a5 Bd2 42. a6 Bd5 43. Kf1 Ba5 44. Ke2 c3 45. Kd1 Kf6 46. Be4 Bb3+ 47. Kc1 1-0

[Event "Wch U20 Girls 34th"]
[Site "Bhubaneswar"]
[Date "2016.08.09"]
[Round "2"]
[White "Divya, Lakshmi R"]
[Black "Choladze, Mariam"]
[Result "1-0"]
[WhiteElo "1864"]
[BlackElo "2077"]
[PlyCount "59"]
[EventDate "2016.08.08"]
[EventType "swiss"]
[EventRounds "13"]
[EventCountry "IND"]
[SourceTitle "CBM 173 Extra"]
[Source "ChessBase"]
[SourceDate "2016.08.29"]
[SourceVersion "1"]
[SourceVersionDate "2016.08.29"]
[SourceQuality "1"]

1. e4 c5 2. Nf3 Nc6 3. d4 cxd4 4. Nxd4 Qc7 5. c4 Nf6 6. Nc3 Nxe4 7. Nxe4 Qe5 8. Be3 Qxe4 9. Nb5 Qe5 10. Qd2 a6 11. f4 Qb8 12. Nc3 e6 13. 0-0-0 Bb4 14. a3 Be7 15. Na4 Bd8 16. Nb6 Bxb6 17. Bxb6 0-0 18. c5 Ne7 19. Bc4 Nd5 20. Bxd5 exd5 21. Qb4 a5 22. Bxa5 d6 23. cxd6 Ra6 24. Bc7 Qa7 25. Rxd5 Bf5 26. Rc5 Rc8 27. Re1 Ra4 28. Qc3 Rxf4 29. Bb6 Rxc5 30. Re8# 1-0

[Event "IND-ch Challengers (Women) 43rd"]
[Site "Chennai"]
[Date "2016.06.20"]
[Round "5"]
[White "Divya, Lakshmi R"]
[Black "Mohota, Nisha"]
[Result "1/2-1/2"]
[WhiteElo "1914"]
[BlackElo "2279"]
[PlyCount "62"]
[EventDate "2016.06.17"]
[EventType "swiss"]
[EventRounds "11"]
[EventCountry "IND"]
[SourceTitle "CBM 173 Extra"]
[Source "ChessBase"]
[SourceDate "2016.08.29"]
[SourceVersion "1"]
[SourceVersionDate "2016.08.29"]
[SourceQuality "1"]

1. e4 e5 2. Nf3 Nc6 3. Bb5 a6 4. Ba4 Nf6 5. d3 d6 6. 0-0 Be7 7. c3 0-0 8. Re1 Re8 9. Nbd2 Bf8 10. Nf1 h6 11. Ng3 b5 12. Bc2 d5 13. h3 dxe4 14. dxe4 Qxd1 15. Rxd1 Bb7 16. Be3 Na5 17. Nd2 g6 18. b4 Nc6 19. Nb3 a5 20. a3 a4 21. Nc5 Bxc5 22. Bxc5 Nd8 23. Be3 Kg7 24. f3 Ne6 25. Bd3 Ba6 26. Ne2 c5 27. bxc5 Rec8 28. Rab1 Rab8 29. f4 Nd7 30. fxe5 Ndxc5 31. Rb4 Rd8 1/2-1/2

[Event "IND-ch Challengers (Women) 43rd"]
[Site "Chennai"]
[Date "2016.06.17"]
[Round "1"]
[White "Divya, Lakshmi R"]
[Black "Pavithra, BL."]
[Result "1/2-1/2"]
[WhiteElo "1914"]
[BlackElo "1264"]
[PlyCount "115"]
[EventDate "2016.06.17"]
[EventType "swiss"]
[EventRounds "11"]
[EventCountry "IND"]
[SourceTitle "CBM 173 Extra"]
[Source "ChessBase"]
[SourceDate "2016.08.29"]
[SourceVersion "1"]
[SourceVersionDate "2016.08.29"]
[SourceQuality "1"]

1. e4 e5 2. Nf3 Nc6 3. Bb5 a6 4. Ba4 Nf6 5. d3 b5 6. Bb3 Be7 7. 0-0 0-0 8. a4 Bb7 9. c3 d6 10. Re1 Qd7 11. Nbd2 Rad8 12. Nf1 d5 13. Qe2 dxe4 14. dxe4 Qd3 15. Ng3 Qxe2 16. Rxe2 h6 17. Nf5 Bc5 18. axb5 axb5 19. h3 Rfe8 20. Kh2 Rd7 21. Bc2 Red8 22. b4 Bb6 23. g4 Ne8 24. g5 hxg5 25. Bxg5 f6 26. Be3 Bxe3 27. Rxe3 Nd6 28. N3h4 Nxf5 29. Nxf5 Rd2 30. Bb3+ Kh7 31. Rf3 Nb8 32. Ng3 Rb2 33. Bf7 Rdd2 34. Kg2 Nc6 35. Rf5 g6 36. Rxf6 Kg7 37. Rf3 Nd8 38. Be8 Ne6 39. Ra7 Nf4+ 40. Kg1 Nxh3+ 41. Kg2 Nf4+ 42. Kh1 Nh3 43. Rxb7 Nxf2+ 44. Kg2 Nxe4+ 45. Kh3 Ng5+ 46. Kg4 Nxf3 47. Kxf3 Rd3+ 48. Ke4 Rxg3 49. Rxc7+ Kh6 50. Bxb5 Rb3 51. Bd3 g5 52. b5 g4 53. Rc6+ Kg5 54. b6 Rf3 55. Bc2 Rb5 56. c4 Rf4+ 57. Kd3 Rf3+ 58. Ke4 1/2-1/2

[Event "Asia-ch U20 Girls"]
[Site "New Delhi"]
[Date "2016.05.10"]
[Round "8"]
[White "Shanya, Mishra"]
[Black "Divya, Lakshmi R"]
[Result "1-0"]
[WhiteElo "1722"]
[BlackElo "1905"]
[PlyCount "93"]
[EventDate "2016.05.04"]
[EventType "swiss"]
[EventRounds "9"]
[EventCountry "IND"]
[SourceTitle "CBM 172 Extra"]
[Source "ChessBase"]
[SourceDate "2016.06.21"]
[SourceVersion "1"]
[SourceVersionDate "2016.06.21"]
[SourceQuality "1"]

1. d4 Nf6 2. c4 e6 3. Nc3 c5 4. d5 exd5 5. cxd5 d6 6. Nf3 g6 7. Bf4 Bg7 8. Qa4+ Bd7 9. Qb3 Qc7 10. e4 0-0 11. Nd2 Re8 12. Be2 Na6 13. 0-0 Rab8 14. a4 Nb4 15. Rfe1 a6 16. a5 h6 17. Rad1 g5 18. Bg3 Rbd8 19. Nc4 Bc8 20. e5 dxe5 21. d6 Qb8 22. Nxe5 Be6 23. Bc4 Rxd6 24. Nxf7 Rxd1 25. Rxd1 Qc8 26. Nd6 Bxc4 27. Qxc4+ Qe6 28. Qxe6+ Rxe6 29. Nxb7 Nd3 30. Na4 Nd7 31. f3 Bd4+ 32. Kf1 c4 33. b3 N7c5 34. Nbxc5 Bxc5 35. bxc4 Re3 36. Nxc5 Nxc5 37. Bf2 Re5 38. Rd5 Rxd5 39. cxd5 Nb7 40. Bb6 Kf7 41. Ke2 Kf6 42. Bc7 Kf5 43. g4+ Kf6 44. Ke3 Nc5 45. Bb6 Nb3 46. Kd3 Ke5 47. Kc2 1-0

[Event "IND-ch U17 Girls"]
[Site "Bengaluru"]
[Date "2015.10.05"]
[Round "4"]
[White "Jasper, Jothi P"]
[Black "Divya, Lakshmi R"]
[Result "0-1"]
[WhiteElo "1614"]
[BlackElo "1935"]
[PlyCount "80"]
[EventDate "2015.10.03"]
[EventType "swiss"]
[EventRounds "11"]
[EventCountry "IND"]
[SourceTitle "CBM 168 Extra"]
[Source "ChessBase"]
[SourceDate "2015.10.29"]
[SourceVersion "1"]
[SourceVersionDate "2015.10.29"]
[SourceQuality "1"]

1. d4 Nf6 2. c4 e6 3. Nf3 c5 4. e3 Be7 5. Nc3 0-0 6. Bd3 b6 7. Ne4 Bb7 8. Qc2 h6 9. 0-0 Nxe4 10. Bxe4 d5 11. cxd5 exd5 12. Bf5 Nc6 13. Rd1 c4 14. Ne5 b5 15. Qe2 Qc7 16. f4 Nxe5 17. fxe5 Bc8 18. e4 Rd8 19. Bf4 Qb6 20. Qe3 a5 21. Rac1 b4 22. Rc2 a4 23. g4 b3 24. axb3 axb3 25. Rf2 Bb7 26. g5 h5 27. exd5 Bxd5 28. Be4 Ra5 29. Qf3 Bxe4 30. Qxe4 Rad5 31. Be3 Bc5 32. Qf3 Qe6 33. Rfd2 Bb4 34. Rg2 g6 35. Qe4 Rxe5 36. dxe5 Rxd1+ 37. Kf2 Qd5 38. Qf4 Be1+ 39. Ke2 Rb1 40. Rg1 Qd1+ 0-1

[Event "IND-ch U17 Girls 25th"]
[Site "Bihar"]
[Date "2014.12.10"]
[Round "11"]
[White "Chitlange, Sakshi"]
[Black "Divya, Lakshmi R"]
[Result "0-1"]
[WhiteElo "1929"]
[BlackElo "1898"]
[PlyCount "90"]
[EventDate "2014.12.02"]
[EventType "swiss"]
[EventRounds "11"]
[EventCountry "IND"]
[SourceTitle "EXT 2016"]
[Source "ChessBase"]
[SourceDate "2015.10.08"]
[SourceVersion "1"]
[SourceVersionDate "2015.10.08"]
[SourceQuality "1"]

1. d4 d5 2. c4 c6 3. Nf3 Nf6 4. e3 g6 5. Nbd2 Bg7 6. Bd3 0-0 7. 0-0 Bg4 8. Qc2 Nbd7 9. b3 Bxf3 10. Nxf3 e6 11. Ba3 Re8 12. Bd6 a6 13. c5 Kh8 14. Ng5 Kg8 15. f4 Ng4 16. Qe2 f5 17. b4 e5 18. dxe5 Ndxe5 19. Rae1 Nf7 20. Nxf7 Kxf7 21. e4 Bd4+ 22. Kh1 Nxh2 23. Rg1 Ng4 24. g3 Nf2+ 25. Kg2 Nxd3 26. Qxd3 Bxg1 27. e5 Bxc5 28. bxc5 Ke6 29. Qb3 Ra7 30. Kf3 h5 31. Rh1 Rh8 32. Qb2 g5 33. fxg5 Qxg5 34. Rh4 Rh7 35. a4 Ra8 36. Rb4 Rg8 37. Qh2 Rhg7 38. Ke2 Qxg3 39. Qxg3 Rxg3 40. Rxb7 R8g7 41. Rb6 Ra3 42. Kf2 Ra2+ 43. Kf3 h4 44. Rxc6 Rg3+ 45. Kf4 Rf2# 0-1

[Event "IND-ch U17 Girls 25th"]
[Site "Bihar"]
[Date "2014.12.08"]
[Round "9"]
[White "Dakshinya, TRS"]
[Black "Divya, Lakshmi R"]
[Result "0-1"]
[WhiteElo "1588"]
[BlackElo "1898"]
[PlyCount "46"]
[EventDate "2014.12.02"]
[EventType "swiss"]
[EventRounds "11"]
[EventCountry "IND"]
[SourceTitle "EXT 2016"]
[Source "ChessBase"]
[SourceDate "2015.10.08"]
[SourceVersion "1"]
[SourceVersionDate "2015.10.08"]
[SourceQuality "1"]

1. d4 d5 2. c4 c6 3. Nf3 Nf6 4. e3 g6 5. Nc3 Bg7 6. Bd3 0-0 7. 0-0 Bg4 8. h3 Bxf3 9. Qxf3 e6 10. Rd1 Nbd7 11. e4 e5 12. cxd5 exd4 13. Ne2 cxd5 14. exd5 Ne5 15. Qf4 Nxd5 16. Qd2 Rc8 17. a3 Qb6 18. Be4 Rfd8 19. Qe1 Nf6 20. Bd3 Qb3 21. Qd2 Bh6 22. f4 Nh5 23. Qb4 Qxd1+ 0-1

[Event "Wch U20 Girls 32nd"]
[Site "Pune"]
[Date "2014.10.17"]
[Round "11"]
[White "Divya, Lakshmi R"]
[Black "Bala, Kannamma P"]
[Result "1-0"]
[WhiteElo "1905"]
[BlackElo "2023"]
[PlyCount "38"]
[EventDate "2014.10.06"]
[EventType "swiss"]
[EventRounds "13"]
[EventCountry "IND"]
[SourceTitle "EXT 2015"]
[Source "ChessBase"]
[SourceDate "2014.11.20"]
[SourceVersion "1"]
[SourceVersionDate "2014.11.20"]
[SourceQuality "1"]

1. e4 c5 2. Nf3 e6 3. d4 cxd4 4. Nxd4 Nf6 5. Nc3 d6 6. Be3 a6 7. f3 Qc7 8. Qd2 Be7 9. 0-0-0 0-0 10. g4 b5 11. h4 Bb7 12. h5 b4 13. Na4 Nc6 14. g5 Nd7 15. g6 Nxd4 16. Bxd4 Rfc8 17. Bd3 e5 18. Be3 Qa5 19. b3 Nf8 1-0